European Countries With Decreasing COVID 19 Active Cases - Statistics

General Stats
  • This quiz has been taken 40 times
    18 since last reset
  • The average score is 13 of 21
Answer Stats
% Decrease from highest active cases Country % Correct
54.9% Germany
87%
91% Iceland
80%
69% Switzerland
80%
79% Austria
73%
23% Spain
73%
23.5% Czech Republic
67%
43.2% Denmark
67%
59.8% Ireland
67%
83.3% Luxembourg
67%
37.8% Finland
60%
65.8% Liechtenstein
60%
68.7% Malta
60%
42.1% Greece
53%
68.6% Monaco
53%
17% Slovakia
53%
23.4% Latvia
47%
28.3% Lithuania
47%
62.1% Montenegro
47%
33.5% North Macedonia
47%
47.7% Croatia
40%
15.7% Turkey
33%
No matching quizzes found
Score Distribution
Percent of People with Each Score
Percentile by Number Answered
Your Score History
You have not taken this quiz since the last reset